000 00555nam a2200193Ia 4500
003 GCL
008 140319s9999 xx 000 0 eng d
040 _aGCL /
_cGCL
082 0 4 _a320.953
_bA A
100 1 _aANTHONY, JOHN DUKE
245 1 0 _aARAB STATES OF THE LOWER GULF: PEOPLE, POLITICS AND PETROLEUM /
_cANTHONY, JOHN DUKE
260 _a[S.N] :
_bTHE MIDDLE EAST INSTITUTE ،
_c1975
300 _a273 P
650 0 4 _aQATAR
650 0 4 _aGULF STATES - HISTORY
650 0 4 _aBAHRAIN
650 0 4 _aUNITED ARAB EMIRATES - POLICY
942 _2ddc
_cBK
999 _c15009
_d15009